Українське Різдво на Мараморощині. (Запис № 17536)

000 -Маркер запису
Контрольне поле сталої довжини 01372nam a22002657a 4500
003 - Належність контрольного номера
Контрольне поле Uzh_bibl
008 - Кодовані дані
Контрольне поле сталої довжини 260427b |||||||| |||| 00| 0 ukr d
020 ## - Індекс ISBN
ISBN 966-522-235-Х
Ціна 37.85
040 ## - Джерело каталогіз.
Код мови каталог. укр.
041 ## - Код мови видання
Код мови оригіналу українська
Код мови тексту українська
080 ## - Індекс УДК
Індекс УДК 398
090 ## - Шифри
Поличний індекс 398
Авторський знак У 45
100 ## - Автор
Автор -
245 ## - Назва
Назва Українське Різдво на Мараморощині.
Відповідальність Упоряд. О. Бевка; худ. оформ. К. Шалварової
Фізичний носій Текст
260 ## - Вихідні дані
Місце видання Київ
Видавництво Етнос
Дата видання 2008
300 ## - Фізичний опис
Обсяг 384 с.
Ілл./тип відтвор. Іл.
Тип одиниці В опр.
490 ## - Серія
Назва серії Фольклор української діаспори
520 ## - Анотація
Анотація У збірнику подано фольклорні твори українського населення Мараморощини (Румунія), зокрема колядки, віншування, побажання – архаїчний та усталений вид народної творчості, яка ще побутує в марамороському етноареалі, де живуть українці.
521 ## - Примітка про цільове призначення
Примітка про цільове призначення Для широкого кола читачів
546 ## - Примітка про мову
Примітка про мову укр.
650 ## - Тематичні рубрики
Основна рубрика Літературно-художнє видання
653 ## - Ключові слова
Ключові слова Обрядові традиції.
-- Колядки.
-- Вертеп.
655 ## - Термін індексування — жанр/форма
Жанр/форма Фольклор
Типове ділення Довідник
942 ## - ADDED ENTRY ELEMENTS (KOHA)
Джерело класифікації чи схема поличного розташування
Koha item type Книги
Фонди
Статус вилучення Статус втрати/відсутності Джерело класифікації чи схема поличного розташування Статус пошкодження Тип обігу (не для випозичання) Постійне розташування Поточне розташування Розташування у відділі Дата надходження Інвентарний номер Total Checkouts Повний (примірниковий) шифр зберігання Штрих-код Date last seen Дата, для якої чинна ціна заміни Тип одиниці (рівень примірника)
          Бібліотека-філія № 1 для дітей Бібліотека-філія № 1 для дітей Читальна зала старший відділ 27/04/2026 57961   398 16620 27/04/2026 27/04/2026 Книги

Працює на АБІС Коха